Spravočnik po prikladnoj statistike

Gespeichert in:
Bibliographische Detailangaben
Format: Buch
Sprache:Russisch
Veröffentlicht: Moskva Finansy i statistika 1989
Ausgabe:1. izd.
Tags: Tag hinzufügen
Keine Tags, Fügen Sie das erste Tag hinzu!

MARC

LEADER 00000nam a2200000 4500
001 c025871
005 20240912072142.6
041 0 |a rus 
044 |a RU 
245 1 0 |a Spravočnik po prikladnoj statistike  |c Red. Ju.N. Tjurin 
250 |a 1. izd. 
264 1 |a Moskva  |b Finansy i statistika  |c 1989 
300 |a 508 s.